000 00943nam a22002897a 4500
001 3852
003 FISKH
005 20240517083551.0
008 240517b cb ||||| |||| 00| 0 eng d
020 _a9781405495356
040 _aFISKH
_beng
_cFISKH
_dFISKH
050 _aPZ8.S55927
082 _a823.92
100 _aShoshan, Beth
245 _aCuddle! /
_cWritten by Beth Shoshan ; Illustrator by Jacqueline East
250 _aThis edition published by Parragon in 2010
260 _aLondon :
_bParragon,
_c2006
300 _a28 unnumbered pages :
_bcolor illustrations ;
_c25 cm
505 _aG
520 _aA boy explains why, when compared with other animals, his teddy bear is the best one to cuddle with.
521 8 _a370
_bLexile estimate
521 8 _aG
_bRaz-Plus
650 _aPicture book
_xAnimals
_yBoard book
700 _aEast, Jacqueline
_eIllustrator
942 _2ddc
_cBK
_n0
999 _c3852
_d3852